| 000 | 01487nam a2200373Ia 4500 | ||
|---|---|---|---|
| 001 | DIGCIDOB101 | ||
| 003 | NyNyDIG | ||
| 006 | m o d | ||
| 007 | cr ||||||||||| | ||
| 008 | 150101s2007 sp ob 000 0 fre d | ||
| 035 | _a(OCoLC)1335127021 | ||
| 040 |
_aDGITA _beng _erda _epn _cDGITA |
||
| 043 | _af-mr--- | ||
| 050 | 1 | 4 | _aJV8978 |
| 100 | 1 |
_aFernández Molina, Irene, _eauthor. |
|
| 245 | 1 | 3 |
_aLe PJD et la politique étrangère du Maroc : _bentre l'idéologie et le pragmatisme / _cIrene Fernández Molina. |
| 264 | 1 |
_aBarcelona : _bFundació CIDOB, Barcelona Centre for International Affairs, _c2007. |
|
| 300 | _a1 online resource (91 pages) | ||
| 336 |
_atext _btxt _2rdacontent |
||
| 337 |
_acomputer _bc _2rdamedia |
||
| 338 |
_aonline resource _bcr _2rdacarrier |
||
| 490 | 1 |
_aDocumentos CIDOB. _aMediterráneo ; _v7 |
|
| 504 | _aIncludes bibliographical references (pages 83-91) | ||
| 588 | _aDescription based on online resource; title from PDF title page (Digitalia, viewed December 5, 2014) | ||
| 651 | 0 |
_aMorocco _xEmigration and immigration. |
|
| 651 | 0 |
_aMorocco _xEconomic conditions. |
|
| 655 | 7 |
_aPeriodicals. _2lcgft |
|
| 710 | 2 | _aCIDOB (Center) | |
| 793 | 0 |
_gDigitalia e-journal Collection: _aCIDOB, Barcelona |
|
| 791 | 2 |
_aDigitalia (Firm), _edistributor. |
|
| 830 | 0 |
_aDocumentos CIDOB. _pMediterráneo y Oriente Medio, _x1696-9979 ; _v7. |
|
| 856 | 4 | 0 |
_3Digitalia Hispánica _uhttps://www.digitaliapublishing.com/a/23849/ |
| 942 | _cRAA | ||
| 999 |
_c237991 _d237991 |
||